000 01059nam0a22002891 4500
001 rc\3678744
005 20250610094812.0
021 _aRU
_b[73-51452]
035 _a(NLR Aleph) 007845023
090 _a9829145
_c9829145
100 _a20130115d1973 |||y0rusy50 ca
101 1 _arus
_ceng
_cfre
102 _aRU
105 _aa z |||||
200 1 _aКак храбрый Мокеле добыл для людей Солнце
_eСказки с р. Конго
_fПер. с англ. и фр. [Э. Львовой
_gПод ред. И. Варламовой
_gПредисл. Е. Котляр
_gИл.: В. Колтунов]
210 _aМосква
_cХудож. лит.
_d1973
215 _a294 с.
_cил.
_d17
608 _aСказки народов Заира (х. л.)
_2psbo
702 1 _aКотляр
_bЕ.
_4080
702 1 _aКолтунов
_bВ.
_4440
702 1 _aВарламова
_bИ.
_4340
702 1 _aЛьвова
_bЭ.
_4730
801 0 _aRU
_bNLR
_gpsbo
801 1 _aRU
_bELAR
_2rusmarc
852 _aNLR
_j73-2/1300
942 _cBOOK
980 _aNB